000 00717nam a22002177a 4500
999 _c63713
_d63713
005 20240530110655.0
008 171219s2016 ua g 000 f eng d
017 _a2015/25779
_bمصر. دار الكتب
020 _a9789771453727
040 _aEG-CaGPL
_cEG-CaGPL
082 0 4 _221
_a810.9\
_bم م
100 0 _aمصطفى صادق الرافعى
245 1 0 _aمن روائع الرافعى /
_bمصطفى صادق الرافعى
250 _aط.1
260 _aالقاهرة :
_bدار نهضة مصر للنشر ،
_c2016 .
300 _a399 ص. ؛
_c22 سم.
650 0 7 _2qrmak
_aالادب العربى
651 _2qrmak
942 _2ddc
_cBK